Statistics for Languages of India

Click here to take the quiz!

General Stats

  • This quiz has been taken 34 times
  • The average score is 13 of 22

Answer Stats

SpeakersAnswer% Correct
551 MilHindi
100%
67 MilTamil
93%
91 MilBengali
90%
125 MilEnglish
90%
50 MilGujarati
87%
51 MilKannada
83%
29 MilPunjabi
83%
84 MilTelugu
83%
59 MilUrdu
83%
84 MilMarathi
70%
37 MilOdia
63%
13 MilAssamese
60%
3 MilNepali
57%
6 MilKashmiri
47%
5 MilSanskrit
47%
2 MilKonkani
43%
3 MilSindhi
37%
12 MilMaithili
33%
6 MilSantali
13%
3 MilGondhi
10%
34 MilMalayam
7%
10 MilBhli/Bhilodi
3%

Score Distribution

Percentile by Number Answered

Percent of People with Each Score

Your Score History

You have not taken this quiz